Capital Cities - Sudden Death - Statistics

General Stats
  • This quiz has been taken 176 times
  • The average score is 11 of 16
Answers on the Grid
Answers color-coded by a green-red scale on the quiz's grid according to % correct below.
Dublin
Ouagadougou
Lagos
Geneva
Sydney
Nuku'alofa
Ottawa
Brasilia
Medellín
Warsaw
Cairo
Casablanca
Istanbul
Mumbai
Kuala Lumpur
Bandar Seri Begawan
Barcelona
Montego Bay
Ulaanbaatar
Busan
Johannesburg
Kisumu
Bucharest
Baku
Moscow
Florence
Tripoli
Phnom Penh
Mecca
Oslo
New York City
Shanghai
 
Answer Stats
Answer % Correct
Moscow
82%
Cairo
81%
Warsaw
80%
Oslo
79%
Dublin
78%
Ottawa
78%
Kuala Lumpur
75%
Brasilia
74%
Bucharest
72%
Tripoli
68%
Baku
67%
Phnom Penh
63%
Ulaanbaatar
63%
Ouagadougou
59%
Bandar Seri Begawan
50%
Nuku'alofa
45%
No matching quizzes found
Score Distribution
Percent of People with Each Score
Percentile by Number Answered
Your Score History
You have not taken this quiz